000
00219nam a22001097a 4500
041
_a
eng
080
_a
80
100
_a
Wells, G.C.
245
_a
Longman Pronunciation Dictionary.
650
_a
Reference
999
_c
277679
_d
277679
942
_c
BK